书目信息 |
| 题名: |
仿生学导论
|
|
| 作者: | 任露泉 , 梁云虹 著 | |
| 分册: | ||
| 出版信息: | 北京 科学出版社 2016.09 |
|
| 页数: | 349页 | |
| 开本: | 24cm | |
| 丛书名: | ||
| 单 册: | ||
| 中图分类: | Q81 , Q811 | |
| 科图分类: | ||
| 主题词: | 仿生学--研究 , 仿生 | |
| 电子资源: | ||
| ISBN: | 978-7-03-050099-1 | |
| 000 | 01096nam0 2200301 450 | |
| 001 | 2980 | |
| 005 | 20161207151544.78 | |
| 010 | @a978-7-03-050099-1@dCNY138.00 | |
| 092 | @aCN@b人天753-2624 | |
| 100 | @a20161020d2016 em y0chiy50 ea | |
| 101 | 0 | @achi |
| 102 | @aCN@b110000 | |
| 105 | @aak z 000yy | |
| 200 | 1 | @a仿生学导论@f任露泉,梁云虹著 |
| 210 | @a北京@c科学出版社@d2016.09 | |
| 215 | @a349页@c图@d24cm | |
| 312 | @a封面英文题名:The introduction of bionics | |
| 330 | @a本书共14章,除系统介绍和阐述仿生学内涵的演进、仿生学基础理论、基本原则和主要方法与技术外,还通过多个方面的大量比照分析,阐释了生物是人类之师,人类是万物之灵,人类一定要向生物学习,也一定能学好这一仿生学的本源问题。 | |
| 333 | @a本书可作为仿生学、生物学、生物医学与健康、生态学、环境科学,以及工程技术等学科的教师、本科生、研究生等 | |
| 510 | 1 | @aIntroduction of bionics@zeng |
| 606 | 0 | @a仿生学@x研究 |
| 606 | 0 | @a仿生 |
| 690 | @aQ81@v5 | |
| 690 | @aQ811@v4 | |
| 701 | 0 | @a任露泉@4著 |
| 701 | 0 | @a梁云虹@4著 |
| 801 | 0 | @aCN@b大连网信软件有限公司图书馆·11@c20161207 |
| 905 | @aZUCC@dQ81@e187 | |
| 仿生学导论/任露泉,梁云虹著.-北京:科学出版社,2016.09 |
| 349页:图;24cm |
| 使用对象:本书可作为仿生学、生物学、生物医学与健康、生态学、环境科学,以及工程技术等学科的教师、本科生、研究生等 |
| ISBN 978-7-03-050099-1:CNY138.00 |
| 本书共14章,除系统介绍和阐述仿生学内涵的演进、仿生学基础理论、基本原则和主要方法与技术外,还通过多个方面的大量比照分析,阐释了生物是人类之师,人类是万物之灵,人类一定要向生物学习,也一定能学好这一仿生学的本源问题。 |
| ● |
| 相关链接 |
|
|
|
|
正题名:仿生学导论
索取号:Q81/187
 
预约/预借
| 序号 | 登录号 | 条形码 | 馆藏地/架位号 | 状态 | 备注 |
| 1 | 912351 | 209123517 | 第二样本阅览室/ [索取号:Q81/187] | 在馆 | |
| 2 | 912352 | 209123526 | 第三借阅区/ [索取号:Q81/187] | 在馆 | |
| 3 | 912353 | 209123535 | 第三借阅区/ [索取号:Q81/187] | 在馆 | |
| 4 | 912354 | 209123544 | 第三借阅区/ [索取号:Q81/187] | 在馆 |